Music Quiz

Random Music or Billboard Quiz

Artists Who Hit #1 in US and UK Quiz Stats

 Plays Quiz Updated Feb 9, 2016

Challenge
Share
Tweet
Embed
Score 0/243 Timer 20:00
0 Plays Today
Artist % Correct
The Beatles
90.5%
Michael Jackson
77.6%
The Rolling Stones
75.8%
Elton John
71%
Madonna
69%
Beyoncé
67%
Elvis Presley
66.6%
Adele
58.3%
Terry Jacks
55.3%
Paul McCartney & Wings
54.8%
John Lennon
53%
George Michael
52.6%
Whitney Houston
52.3%
ABBA
52.1%
Rihanna
51.7%
Britney Spears
51.7%
Queen
51.3%
U2
50%
David Bowie
49.8%
Pink
49.5%
Jay-Z
48.3%
Eminem
47.3%
The Supremes
46.7%
Mariah Carey
45.9%
Katy Perry
45.3%
Taylor Swift
45.1%
Prince
44.5%
Frank Sinatra
44.2%
George Harrison
43.9%
The Beach Boys
43.4%
Justin Timberlake
43%
Lady Gaga
42.7%
Will Smith
42.4%
Jacksons/Jackson 5
42.3%
Bee Gees
42.1%
Christina Aguilera
42.1%
Coldplay
41.8%
Diana Ross
41.5%
Chris Brown
41.3%
Celine Dion
41.3%
Kanye West
40.8%
Justin Bieber
40.7%
Stevie Wonder
40.3%
Nancy Sinatra
40.2%
Spice Girls
40%
Ed Sheeran
39.4%
Wham!
39.2%
The Police
39%
Phil Collins
38.6%
Pink Floyd
37.9%
Billy Joel
37.8%
Pharrell Williams
37.5%
Deniece Williams
36.4%
Aretha Franklin
36%
Cher
36%
Destiny's Child
35.9%
Leona Lewis
34.2%
Rod Stewart
33.9%
Dave Clark Five
33.5%
Bryan Adams
33.5%
Duran Duran
33.3%
Kay Starr
32.5%
Fleetwood Mac
31.3%
Dean Martin
31.1%
Bruno Mars
31%
Ricky Martin
30.9%
Petula Clark
30.8%
Barry White
30.6%
Ryan Lewis
30.5%
Marvin Gaye
30.2%
Usher
29.8%
Lionel Richie
29.4%
Paul Young
28.9%
The Black Eyed Peas
28.8%
Simon & Garfunkel
28.8%
Blondie
27.8%
Drake
27.6%
Maroon5
26.9%
Culture Club
26.7%
The Monkees
26.6%
Buddy Holly/The Crickets
26.3%
Artist % Correct
Olivia Newton-John
26.3%
Barbra Streisand
26.2%
Donna Summer
26.2%
Tommy James & The Shondells
25.9%
Kelly Clarkson
25.9%
Four Tops
25.7%
Ray Charles
25.2%
The Animals
24.9%
Chicago
24.1%
a-ha
23.3%
Nelly
23.2%
Puff Daddy
22.5%
Chuck Berry
22.4%
Jennifer Lopez
22.2%
Miley Cyrus
22.2%
Boyz II Men
21.7%
2Pac
21.5%
Shakira
21.2%
Foreigner
20.9%
Roy Orbison
20.8%
R. Kelly
20.7%
The 4 Seasons
20.7%
Kenny Rogers
20.6%
Bangles
20.5%
New Kids on the Block
20%
Commodores
20%
Eurythmics
19.5%
Donny Osmond
19%
The Steve Miller Band
18.5%
B.o.b
18.4%
The Notorious BIG
18%
Herman's Hermits
18%
Starship
17.8%
Rick Astley
17.8%
Gloria Gaynor
16.9%
John Travolta
16.9%
Paul Anka
16.6%
Perry Como
16.6%
The Everly Brothers
16.5%
Men at Work
16.4%
Pet Shop Boys
16.3%
Ace of Base
16.2%
The Byrds
16.2%
Kesha
16.2%
Bonnie Tyler
16.2%
Kiki Dee
16.1%
Meat Loaf
16%
Flo Rida
15.7%
Nelly Furtado
15.7%
Sonny & Cher
15.7%
Louis Armstrong
15.6%
Enrique Iglesias
15.4%
The Human League
15.4%
UB40
15.3%
Tiffany
15.2%
Aaliyah
14.8%
Timbaland
14.7%
Pitbull
14.6%
Bill Haley & His Comets
14.6%
Simple Minds
14.5%
The Osmonds
14%
Ray Stevens
13.9%
John Denver
13.8%
Doris Day
13.8%
Tony Bennett
13.5%
Robin Thicke
13.5%
Joe Cocker
13.2%
The Righteous Brothers
13.2%
Guy Mitchell
13%
Vanilla Ice
13%
Dexys Midnight Runners
12.9%
James Blunt
12.7%
Simply Red
12.7%
Manfred Mann
12.7%
Sinéad O'Connor
12.6%
The Chainsmokers
12.6%
KC & The Sunshine Band
12.6%
Bay City Rollers
12.5%
Macklemore
12.5%
Mark Ronson
12.4%
Don McLean
12.3%
Artist % Correct
Akon
12.2%
Lorde
12.1%
Bobby Darin
12%
Hanson
11.8%
Zayn
11.6%
Billy Ocean
11.2%
Survivor
11.1%
Pat Boone
11.1%
Meghan Trainor
11.1%
Right Said Fred
11.1%
Ne-Yo
11.1%
USA for Africa
11%
fun.
11%
Berlin
10.9%
Johnnie Ray
10.7%
Carly Rae Jepsen
10.5%
Belinda Carlisle
10.4%
Lil Kim
10.2%
Connie Francis
10.2%
The Archies
10.1%
Coolio
10.1%
Shaggy
10.1%
The Troggs
10%
Irene Cara
10%
Wiz Khalifa
9.9%
The Miracles
9.9%
Luis Fonsi
9.9%
DJ Khaled
9.8%
Gotye
9.8%
Jason DeRulo
9.6%
Tony Orlando & Dawn
9.3%
Rosemary Clooney
9.2%
Faith Evans
9.1%
Post Malone
8.9%
Vera Lynn
8.9%
LMFAO
8.8%
Ciara
8.8%
Spinners
8.5%
Los Lobos
8.5%
Falco
8.2%
Taio Cruz
8.1%
Mya
8.1%
The Platters
8.2%
Nilsson
8%
Ja Rule
7.9%
Zager & Evans
7.9%
David Soul
7.8%
Peter & Gordon
7.7%
Al Martino
7.7%
Tennessee Ernie Ford
7.7%
Owl City
7.4%
Johnny Mathis
7.3%
Johnny Nash
7.2%
Johnny Preston
7.2%
Sean Kingston
7.1%
Magic!
7%
Leo Sayer
6.9%
Del Shannon
6.9%
Frankie Laine
6.6%
Paper Lace
6.6%
The Tornadoes
6.5%
Gilbert O'Sullivan
6.5%
OMI
6.3%
Conway Twitty
6.2%
Anita Ward
6%
Color Me Badd
5.8%
Tab Hunter
5.7%
Carl Douglas
5.5%
Tommy Edwards
5.1%
Tommy Roe
4.8%
Perez Prado
4.7%
The Highwaymen
4.5%
Glenn Medeiros
4.5%
Vic Damone
4.4%
Eddie Fisher
4.4%
Jo Stafford
4.3%
Bobbie Gentry
4.3%
George McCrae
4.2%
The Marcels
4%
The Tymes
3.8%
Kitty Kallen
3.6%

You're not logged in!

Compare scores with friends on all Sporcle quizzes.
Join for Free
OR
Log In

You Might Also Like...

Show Comments

Extras

Top Quizzes Today


Score Distribution

Your Account Isn't Verified!

In order to create a playlist on Sporcle, you need to verify the email address you used during registration. Go to your Sporcle Settings to finish the process.

Report this User

Report this user for behavior that violates our Community Guidelines.

Details: